[Event "GER-ch Seniors 65 34th"]
[Site "Magdeburg"]
[Date "2022.08.18"]
[Round "7"]
[White "Knaak, Joachim"]
[Black "Pueschel, Werner"]
[Result "0-1"]
[WhiteElo "2142"]
[BlackElo "2034"]
[PlyCount "84"]
[EventDate "2022.08.12"]
[EventType "swiss"]
[EventRounds "9"]
[EventCountry "GER"]
[SourceTitle "CBM 209 Extra"]
[Source "ChessBase"]
[SourceDate "2022.09.30"]
[SourceVersion "1"]
[SourceVersionDate "2022.09.30"]
[SourceQuality "1"]

1. d4 c5 2. d5 Nf6 3. Nc3 d6 4. e4 g6 5. f4 Bg7 6. Bb5+ Nfd7 7. a4 0-0 8. Nf3 a6 9. Be2 Qc7 10. 0-0 b6 11. Be3 Nf6 12. Nd2 Nbd7 13. Nc4 Bb7 14. Bf3 Rad8 15. Qd2 Bc8 16. Rae1 Ne8 17. Bf2 Bxc3 18. bxc3 b5 19. Ne3 Nb6 20. axb5 axb5 21. Rb1 Bd7 22. e5 dxe5 23. fxe5 Qxe5 24. c4 b4 25. Rfe1 Qc7 26. c3 bxc3 27. Qxc3 Na4 28. Qc2 Nd6 29. Bg4 f5 30. Be2 Ne4 31. Bf3 Nxf2 32. Kxf2 Rb8 33. Kg1 Rxb1 34. Qxb1 Rb8 35. Qd3 Nb6 36. g3 Nc8 37. Ng2 Qa5 38. h4 Rb2 39. Qe3 Qb4 40. Qe5 Ra2 41. h5 Qb2 42. Qc7 Qf2+ 0-1

[Event "GER-ch Seniors 65 34th"]
[Site "Magdeburg"]
[Date "2022.08.17"]
[Round "6"]
[White "Cichy, Michael"]
[Black "Knaak, Joachim"]
[Result "1/2-1/2"]
[WhiteElo "2031"]
[BlackElo "2142"]
[PlyCount "30"]
[EventDate "2022.08.12"]
[EventType "swiss"]
[EventRounds "9"]
[EventCountry "GER"]
[SourceTitle "CBM 209 Extra"]
[Source "ChessBase"]
[SourceDate "2022.09.30"]
[SourceVersion "1"]
[SourceVersionDate "2022.09.30"]
[SourceQuality "1"]

1. d4 Nf6 2. Nf3 e6 3. c4 b6 4. g3 Bb4+ 5. Bd2 Bxd2+ 6. Qxd2 Bb7 7. Bg2 d6 8. Nc3 Nbd7 9. Qc2 0-0 10. 0-0 Qe7 11. e4 e5 12. d5 a5 13. Nd2 Nc5 14. b3 Ng4 15. Rae1 Rae8 1/2-1/2

[Event "GER-ch Net blitz qual4"]
[Site "Playchess.com INT"]
[Date "2021.05.10"]
[Round "3"]
[White "Knaak, Joachim"]
[Black "Miwisch, Dave"]
[Result "0-1"]
[WhiteElo "1999"]
[BlackElo "1774"]
[PlyCount "110"]
[EventDate "2021.05.10"]
[EventType "swiss (blitz)"]
[EventRounds "11"]
[EventCountry "GER"]
[SourceTitle "CBM 202 Extra"]
[Source "ChessBase"]
[SourceDate "2021.07.31"]
[SourceVersion "1"]
[SourceVersionDate "2021.07.31"]
[SourceQuality "1"]

1. d4 Nf6 2. c4 e6 3. Nf3 d5 4. Nc3 Bb4 5. e3 0-0 6. Bd3 a6 7. 0-0 dxc4 8. Bxc4 b5 9. Bb3 Bxc3 10. bxc3 Bb7 11. Qe2 c5 12. Ba3 c4 13. Bxf8 cxb3 14. Ba3 Qa5 15. Bb4 Qc7 16. axb3 Nc6 17. Ba3 Na5 18. Qb2 Bxf3 19. gxf3 Rc8 20. Rfc1 Nd5 21. Bc5 Nb7 22. b4 Nxc5 23. bxc5 Qc6 24. Kg2 g5 25. h3 h5 26. c4 bxc4 27. Rxc4 g4 28. hxg4 hxg4 29. Qe2 Nf6 30. Rca4 Kg7 31. Rxa6 Qd5 32. Rd6 Qb7 33. Rg1 Rg8 34. Kf1 Qb1+ 35. Qe1 Qb5+ 36. Qe2 Qb1+ 37. Kg2 Kf8 38. f4 Qe4+ 39. Kf1 Qb1+ 40. Qe1 Qd3+ 41. Qe2 Qb1+ 42. Kg2 Qe4+ 43. Kg3 Nh5+ 44. Kh2 Nf6 45. Rg2 Rh8+ 46. Kg1 Qb1+ 47. Qf1 Qh7 48. f3 gxf3 49. Kf2 Ne4+ 50. Ke1 Nxd6 51. Qxf3 Qb1+ 52. Ke2 Qc2+ 53. Kf1 Rh1+ 54. Rg1 Qc1+ 55. Kg2 Qxg1# 0-1

[Event "GER-ch Net blitz qual4"]
[Site "Playchess.com INT"]
[Date "2021.05.10"]
[Round "5"]
[White "Knaak, Joachim"]
[Black "Rieling, Thomas"]
[Result "0-1"]
[WhiteElo "1999"]
[BlackElo "1792"]
[PlyCount "46"]
[EventDate "2021.05.10"]
[EventType "swiss (blitz)"]
[EventRounds "11"]
[EventCountry "GER"]
[SourceTitle "CBM 202 Extra"]
[Source "ChessBase"]
[SourceDate "2021.07.31"]
[SourceVersion "1"]
[SourceVersionDate "2021.07.31"]
[SourceQuality "1"]

1. d4 Nf6 2. c4 e6 3. Nf3 b6 4. g3 Bb7 5. Bg2 Bb4+ 6. Bd2 Be7 7. 0-0 0-0 8. Nc3 d5 9. cxd5 Nxd5 10. Rc1 Nd7 11. Qc2 Nb4 12. Qb3 a5 13. a3 Na6 14. Bf4 c5 15. Nb5 cxd4 16. Nbxd4 Nac5 17. Qd1 Bf6 18. b4 axb4 19. axb4 Na6 20. Qd2 e5 21. Nxe5 Bxg2 22. Nxd7 Qxd7 23. Kxg2 Qxd4 0-1

[Event "GER-ch Net blitz qual3"]
[Site "Playchess.com INT"]
[Date "2021.05.07"]
[Round "5"]
[White "Coenen, Michael"]
[Black "Knaak, Joachim"]
[Result "1-0"]
[WhiteElo "2365"]
[BlackElo "1993"]
[PlyCount "66"]
[EventDate "2021.05.07"]
[EventType "swiss (blitz)"]
[EventRounds "11"]
[EventCountry "GER"]
[SourceTitle "CBM 202 Extra"]
[Source "ChessBase"]
[SourceDate "2021.07.31"]
[SourceVersion "1"]
[SourceVersionDate "2021.07.31"]
[SourceQuality "1"]

1. e4 c5 2. Nf3 d6 3. c3 Nf6 4. Be2 e6 5. 0-0 Be7 6. Re1 0-0 7. Bf1 Nc6 8. d3 b6 9. Nbd2 Bb7 10. a4 Qc7 11. Nc4 d5 12. exd5 exd5 13. Ne3 Rfe8 14. Nf5 Bf8 15. Bg5 Nd7 16. Bh4 Nde5 17. Bg3 Nxf3+ 18. Qxf3 Qd7 19. d4 Rad8 20. Bb5 a6 21. Bd3 g6 22. Rxe8 Rxe8 23. Ne3 cxd4 24. Ng4 Bg7 25. Nf6+ Bxf6 26. Qxf6 Qe6 27. Qf4 dxc3 28. bxc3 Ne5 29. Bf1 Nc4 30. Qd4 Qe4 31. Qd1 d4 32. cxd4 Nb2 33. Qb3 Nd3 1-0

[Event "GER-ch Net blitz qual3"]
[Site "Playchess.com INT"]
[Date "2021.05.07"]
[Round "7"]
[White "Knaak, Joachim"]
[Black "Erler, Rainer"]
[Result "1-0"]
[WhiteElo "1993"]
[BlackElo "1778"]
[PlyCount "45"]
[EventDate "2021.05.07"]
[EventType "swiss (blitz)"]
[EventRounds "11"]
[EventCountry "GER"]
[SourceTitle "CBM 202 Extra"]
[Source "ChessBase"]
[SourceDate "2021.07.31"]
[SourceVersion "1"]
[SourceVersionDate "2021.07.31"]
[SourceQuality "1"]

1. d4 d5 2. c4 e6 3. Nf3 c5 4. e3 Nf6 5. Nc3 a6 6. Bd3 dxc4 7. Bxc4 b5 8. Bb3 Nc6 9. 0-0 c4 10. Bc2 Bb7 11. Qe2 Be7 12. Rd1 0-0 13. e4 Qc7 14. Bg5 Rfd8 15. a3 h6 16. Bh4 Nh5 17. Bg3 Nxg3 18. hxg3 Bf6 19. e5 Be7 20. d5 exd5 21. Nxd5 Rxd5 22. Rxd5 Nb4 23. Qe4 1-0

[Event "GER-ch Net blitz qual3"]
[Site "Playchess.com INT"]
[Date "2021.05.07"]
[Round "6"]
[White "Knaak, Joachim"]
[Black "Ziems, Michael"]
[Result "0-1"]
[WhiteElo "1993"]
[BlackElo "1804"]
[PlyCount "40"]
[EventDate "2021.05.07"]
[EventType "swiss (blitz)"]
[EventRounds "11"]
[EventCountry "GER"]
[SourceTitle "CBM 202 Extra"]
[Source "ChessBase"]
[SourceDate "2021.07.31"]
[SourceVersion "1"]
[SourceVersionDate "2021.07.31"]
[SourceQuality "1"]

1. d4 e6 2. c4 d5 3. Nf3 Nf6 4. Nc3 Be7 5. e3 0-0 6. Bd3 a6 7. 0-0 dxc4 8. Bxc4 b5 9. Bb3 Bb7 10. Qe2 Nbd7 11. Rd1 Qc8 12. a3 c5 13. Ba2 Rd8 14. dxc5 Nxc5 15. b4 Nce4 16. Nxe4 Nxe4 17. Bb2 Nc3 18. Rxd8+ Bxd8 19. Bxc3 Qxc3 20. Nd4 Qxa1+ 0-1

[Event "GER-ch Net blitz qual2"]
[Site "Playchess.com INT"]
[Date "2021.05.04"]
[Round "10"]
[White "Flach, Erich"]
[Black "Knaak, Joachim"]
[Result "1-0"]
[WhiteElo "1872"]
[BlackElo "2046"]
[PlyCount "56"]
[EventDate "2021.05.04"]
[EventType "swiss (blitz)"]
[EventRounds "11"]
[EventCountry "GER"]
[SourceTitle "CBM 202 Extra"]
[Source "ChessBase"]
[SourceDate "2021.07.31"]
[SourceVersion "1"]
[SourceVersionDate "2021.07.31"]
[SourceQuality "1"]

1. c4 c6 2. e4 d5 3. exd5 cxd5 4. cxd5 Qxd5 5. Nc3 Qd8 6. d4 e6 7. Nf3 Nf6 8. Bd3 Be7 9. 0-0 0-0 10. Qe2 Nc6 11. Rd1 b6 12. a3 Bb7 13. Be3 Rc8 14. Re1 Qc7 15. Rac1 Rfd8 16. Bb1 Na5 17. Ne5 Qb8 18. Qd3 Nb3 19. Rcd1 g6 20. Qe2 Nd5 21. Ne4 f5 22. Ng5 f4 23. Nxe6 fxe3 24. fxe3 Rd6 25. Qg4 Nf6 26. Qh3 Re8 27. Bxg6 Rxe6 28. Qxe6+ Kg7 1-0

[Event "GER-ch Net blitz qual2"]
[Site "Playchess.com INT"]
[Date "2021.05.04"]
[Round "9"]
[White "Knaak, Joachim"]
[Black "Blum, Frederik"]
[Result "1-0"]
[WhiteElo "2046"]
[BlackElo "1903"]
[PlyCount "141"]
[EventDate "2021.05.04"]
[EventType "swiss (blitz)"]
[EventRounds "11"]
[EventCountry "GER"]
[SourceTitle "CBM 202 Extra"]
[Source "ChessBase"]
[SourceDate "2021.07.31"]
[SourceVersion "1"]
[SourceVersionDate "2021.07.31"]
[SourceQuality "1"]

1. d4 Nf6 2. c4 g6 3. Nc3 d5 4. cxd5 Nxd5 5. e4 Nxc3 6. bxc3 Bg7 7. Nf3 c5 8. Rb1 0-0 9. Be2 Nc6 10. d5 Na5 11. c4 b6 12. 0-0 e6 13. Qc2 f5 14. Bg5 Qc7 15. exf5 Rxf5 16. Bd3 Rf8 17. Be4 Nb7 18. Qd2 exd5 19. Bxd5+ Kh8 20. Rfe1 Bf5 21. Rbd1 Rae8 22. Bf4 Qc8 23. Rxe8 Rxe8 24. Re1 Na5 25. Ng5 h6 26. Nf7+ Kh7 27. Bxh6 Rxe1+ 28. Qxe1 Bxh6 29. Qe7 Bg7 30. Qh4+ Kg8 31. Nd6+ Kf8 32. Nxc8 Ke8 33. Qg3 Kd7 34. Nxa7 Bd4 35. Nb5 Ke7 36. Nxd4 cxd4 37. Qg5+ Kd6 38. Qd2 Kc5 39. g3 Nxc4 40. Qg5 d3 41. Bf3 Kd4 42. Qc1 d2 43. Qa1+ Kc5 44. Kg2 Bc2 45. Qf6 Kb4 46. Qg5 b5 47. Qg4 Kc3 48. h4 Ne5 49. Qf4 Nxf3 50. Qxf3+ Kb2 51. Qf6+ Kc1 52. Qf4 Kd1 53. g4 Ke1 54. Qe3+ Kd1 55. h5 gxh5 56. gxh5 Bh7 57. h6 Kc2 58. Qc5+ Kb1 59. Qxb5+ Kc2 60. Qc5+ Kb1 61. Qd4 Kc2 62. Qc4+ Kb2 63. Qd4+ Kc2 64. Qc5+ Kb2 65. Qd6 Kc1 66. Qc7+ Bc2 67. h7 d1Q 68. h8Q Qg4+ 69. Qg3 Be4+ 70. Kh2 Qd1 71. Qg1 1-0

[Event "GER-ch Net blitz qual2"]
[Site "Playchess.com INT"]
[Date "2021.05.04"]
[Round "1"]
[White "Knaak, Joachim"]
[Black "Schmidt, Gunar"]
[Result "1-0"]
[WhiteElo "2046"]
[BlackElo "1654"]
[PlyCount "65"]
[EventDate "2021.05.04"]
[EventType "swiss (blitz)"]
[EventRounds "11"]
[EventCountry "GER"]
[SourceTitle "CBM 202 Extra"]
[Source "ChessBase"]
[SourceDate "2021.07.31"]
[SourceVersion "1"]
[SourceVersionDate "2021.07.31"]
[SourceQuality "1"]

1. d4 Nf6 2. c4 c5 3. d5 b5 4. cxb5 a6 5. bxa6 g6 6. Nc3 Bg7 7. Nf3 d6 8. g3 0-0 9. Bg2 Nxa6 10. 0-0 Bb7 11. Rb1 Nc7 12. Nh4 Ra5 13. Re1 Qa8 14. e4 Nd7 15. a3 Bxc3 16. bxc3 Nb5 17. Qb3 Ba6 18. Bf1 Rb8 19. a4 Nc7 20. Qc2 Bxf1 21. Rxf1 Rxb1 22. Qxb1 Rxa4 23. Nf3 Nf6 24. Re1 Ra1 25. Qd3 Qa6 26. Qxa6 Rxa6 27. Bg5 Ng4 28. Bxe7 Ra2 29. Bxd6 Na6 30. Rf1 Rc2 31. Ne5 Nxe5 32. Bxe5 Rxc3 33. Bxc3 1-0

[Event "GER-ch Net blitz qual2"]
[Site "Playchess.com INT"]
[Date "2021.05.04"]
[Round "3"]
[White "Susallek, Markus"]
[Black "Knaak, Joachim"]
[Result "1/2-1/2"]
[WhiteElo "1871"]
[BlackElo "2046"]
[PlyCount "124"]
[EventDate "2021.05.04"]
[EventType "swiss (blitz)"]
[EventRounds "11"]
[EventCountry "GER"]
[SourceTitle "CBM 202 Extra"]
[Source "ChessBase"]
[SourceDate "2021.07.31"]
[SourceVersion "1"]
[SourceVersionDate "2021.07.31"]
[SourceQuality "1"]

1. e4 c5 2. Nf3 d6 3. d4 cxd4 4. Nxd4 Nf6 5. Nc3 g6 6. Be3 Bg7 7. f3 0-0 8. Qd2 Nc6 9. g4 Nxd4 10. Bxd4 Be6 11. 0-0-0 Qa5 12. a3 Rfc8 13. h4 h5 14. gxh5 Nxh5 15. Bxg7 Kxg7 16. Rg1 Rc5 17. f4 Rac8 18. f5 Rxc3 19. Qd4+ Kh7 20. bxc3 Qxa3+ 21. Kd2 gxf5 22. Rg5 Nf6 23. exf5 Bd5 24. Bd3 Qc5 25. Re1 Rc7 26. Re3 Qxd4 27. cxd4 b6 28. Reg3 a5 29. Rg7+ Kh8 30. Bb5 a4 31. Bxa4 Rc4 32. Bb3 Rxd4+ 33. Kc1 Bxb3 34. cxb3 Rxh4 35. Rxf7 Re4 36. Rf8+ Kh7 37. Rb8 Re5 38. Rxb6 Rxf5 39. Rb4 Rh5 40. Rf4 Kh6 41. Kc2 Rc5+ 42. Kb2 Rb5 43. Rh4+ Nh5 44. Rg2 Re5 45. Rf4 e6 46. Rf7 d5 47. Rf8 Kh7 48. Rh2 Rg5 49. Rf7+ Kg6 50. Re7 Kf6 51. Re8 Ke5 52. Re2+ Kd6 53. R2xe6+ Kc5 54. Re5 Rxe5 55. Rxe5 Nf4 56. Rf5 Nd3+ 57. Kc3 Nb4 58. Rxd5+ Nxd5+ 59. Kd3 Kb5 60. Kd4 Nb4 61. Kc3 Na6 62. b4 Nxb4 1/2-1/2

[Event "GER Cup Net V4 U2400"]
[Site "Playchess.com INT"]
[Date "2020.05.31"]
[Round "1"]
[White "Knaak, Joachim"]
[Black "Dauner, Benedikt"]
[Result "0-1"]
[WhiteElo "1698"]
[BlackElo "2035"]
[PlyCount "83"]
[EventDate "2020.05.31"]
[EventType "swiss (blitz)"]
[EventRounds "9"]
[EventCountry "GER"]
[SourceTitle "EXT 2021"]
[Source "ChessBase"]
[SourceDate "2020.10.23"]
[SourceVersion "1"]
[SourceVersionDate "2020.10.23"]
[SourceQuality "1"]

1. d4 d6 2. c4 e5 3. Nf3 e4 4. Ng5 f5 5. g3 Be7 6. Nh3 Nf6 7. Bg2 c6 8. 0-0 0-0 9. Nc3 Na6 10. b3 Nc7 11. Qc2 d5 12. e3 h6 13. Nf4 Kh7 14. cxd5 cxd5 15. a4 g5 16. Nfe2 Be6 17. Ba3 Rc8 18. Bxe7 Qxe7 19. Rac1 Na6 20. Qd2 Nb4 21. Nb5 a6 22. Na3 Nd3 23. Rxc8 Rxc8 24. Nc2 a5 25. Nc1 Nxc1 26. Rxc1 Qc7 27. Bf1 f4 28. Bb5 f3 29. Kf1 Ng4 30. h3 Nf6 31. Ke1 Bxh3 32. Kd1 Ng4 33. b4 b6 34. bxa5 bxa5 35. Rb1 Bg2 36. Rb2 h5 37. Qe1 h4 38. Bf1 h3 39. Bxg2 fxg2 40. Qg1 Qc3 41. Ra2 Qd3+ 42. Kc1 0-1

[Event "GER Cup Net V4 U2400"]
[Site "Playchess.com INT"]
[Date "2020.05.31"]
[Round "3"]
[White "Knaak, Joachim"]
[Black "Lesny, Florian"]
[Result "1-0"]
[WhiteElo "1689"]
[BlackElo "1895"]
[PlyCount "49"]
[EventDate "2020.05.31"]
[EventType "swiss (blitz)"]
[EventRounds "9"]
[EventCountry "GER"]
[SourceTitle "EXT 2021"]
[Source "ChessBase"]
[SourceDate "2020.10.23"]
[SourceVersion "1"]
[SourceVersionDate "2020.10.23"]
[SourceQuality "1"]

1. d4 d5 2. c4 c6 3. Nc3 Nf6 4. Nf3 e6 5. e3 Nbd7 6. Bd3 Bd6 7. 0-0 0-0 8. e4 Nxe4 9. Nxe4 dxe4 10. Bxe4 Nf6 11. Bc2 b6 12. Bg5 h6 13. Bh4 Be7 14. Ne5 Bb7 15. Qd3 g5 16. Ng4 Kg7 17. Nxf6 Kxf6 18. Bg3 Bd6 19. Be5+ Bxe5 20. dxe5+ Ke7 21. Qf3 Ke8 22. Rad1 Qe7 23. Be4 Rb8 24. Rd6 c5 25. Bc6+ 1-0

[Event "GER-ch Net Amateur Gr-A Vor3"]
[Site "Playchess.com INT"]
[Date "2020.04.16"]
[Round "8"]
[White "Bashylina, Luisa"]
[Black "Knaak, Joachim"]
[Result "1-0"]
[WhiteElo "1620"]
[BlackElo "1822"]
[PlyCount "101"]
[EventDate "2020.04.16"]
[EventType "swiss (blitz)"]
[EventRounds "9"]
[EventCountry "GER"]
[SourceTitle "CBM 195 Extra"]
[Source "ChessBase"]
[SourceDate "2020.05.31"]
[SourceVersion "1"]
[SourceVersionDate "2020.05.31"]
[SourceQuality "1"]

1. e4 c5 2. Nf3 d6 3. d4 cxd4 4. Qxd4 Nc6 5. Bb5 Qa5+ 6. Nc3 Qxb5 7. Nxb5 Nxd4 8. Nfxd4 Kd8 9. Be3 Bd7 10. 0-0-0 e5 11. Nxd6 Bxd6 12. Nf5 Bxf5 13. Rxd6+ Kc7 14. Rhd1 Be6 15. f4 Bg4 16. R1d2 Nf6 17. f5 Nxe4 18. Rd7+ Kc6 19. R2d3 Bxf5 20. Rxf7 Be6 21. Rxg7 Rag8 22. Re7 Re8 23. Rg7 Rhg8 24. Rxh7 Rxg2 25. b4 a6 26. a4 Bc4 27. Rdd7 Nd6 28. Bc5 Ne4 29. Rxb7 Be6 30. Rb6+ Kd5 31. Be3 Nc3 32. Rc7 Ke4 33. Rxc3 Re2 34. Bc5 Kf5 35. Kb2 Rxh2 36. Rxa6 Bd5 37. Rd6 Be4 38. a5 Kf4 39. a6 Ra8 40. a7 Bb7 41. Rd7 Be4 42. Re7 Bd5 43. b5 e4 44. b6 e3 45. Bd6+ Kf3 46. Bxh2 Kf2 47. Rcxe3 Rh8 48. Bg3+ Kg2 49. Bb8 Bf3 50. Rxf3 Rh1 51. a8Q 1-0

[Event "GER-ch Net Amateur Gr-A Vor3"]
[Site "Playchess.com INT"]
[Date "2020.04.16"]
[Round "3"]
[White "Knaak, Joachim"]
[Black "Kilian, Markus"]
[Result "1/2-1/2"]
[WhiteElo "1821"]
[BlackElo "1974"]
[PlyCount "164"]
[EventDate "2020.04.16"]
[EventType "swiss (blitz)"]
[EventRounds "9"]
[EventCountry "GER"]
[SourceTitle "CBM 195 Extra"]
[Source "ChessBase"]
[SourceDate "2020.05.31"]
[SourceVersion "1"]
[SourceVersionDate "2020.05.31"]
[SourceQuality "1"]

1. d4 g6 2. c4 Nf6 3. Nc3 Bg7 4. e4 d6 5. f3 0-0 6. Be3 Nc6 7. Nge2 a6 8. Qd2 Rb8 9. Rc1 Bd7 10. b3 b5 11. cxb5 axb5 12. d5 Ne5 13. Nd4 b4 14. Ncb5 Ne8 15. Qxb4 f5 16. exf5 gxf5 17. Be2 Nf6 18. Qd2 Nxd5 19. Bf2 Nf7 20. 0-0 Bh6 21. Qc2 Ne3 22. Qd3 Nxf1 23. Rxf1 e5 24. Nxf5 Bxb5 25. Nxh6+ Nxh6 26. Qd5+ Kh8 27. Bxb5 Nf5 28. Bd3 Qg5 29. Qe4 Qf4 30. Qc6 Ne3 31. Re1 Nxg2 32. Kxg2 Rg8+ 33. Kf1 Rg7 34. Be4 Qh6 35. Ke2 Qf4 36. Qd5 Ra8 37. Qd3 Rxa2+ 38. Kf1 Rxf2+ 39. Kxf2 Qxh2+ 40. Ke3 Qf4+ 41. Ke2 Rg2+ 42. Kd1 Rb2 43. Re2 Qg3 44. Kc1 Rxe2 45. Qxe2 Qf4+ 46. Qd2 Qxd2+ 47. Kxd2 h5 48. Kd3 Kg7 49. f4 Kf6 50. Bf3 exf4 51. Bxh5 Ke5 52. Bf3 c5 53. Kc4 Ke6 54. Be4 Ke5 55. Bf3 Ke6 56. Bc6 Ke5 57. Bd5 Kf5 58. Kd3 Ke5 59. Bf3 d5 60. Kc3 Kd6 61. Kd3 Ke5 62. Bg2 Kd6 63. Ke2 Ke5 64. Kf3 c4 65. b4 d4 66. Ke2 d3+ 67. Kd2 Kd4 68. b5 c3+ 69. Kc1 Kc5 70. Be4 d2+ 71. Kc2 Kxb5 72. Bd3+ Kc5 73. Be2 Kd4 74. Bd1 Kc4 75. Be2+ Kd4 76. Bd1 f3 77. Bxf3 Ke3 78. Bd1 Kf2 79. Bg4 Ke1 80. Bd1 Kf2 81. Bg4 Ke1 82. Bd1 Kf2 1/2-1/2

[Event "GER-ch Net Amateur Gr-A Vor3"]
[Site "Playchess.com INT"]
[Date "2020.04.16"]
[Round "7"]
[White "Knaak, Joachim"]
[Black "Wehner, Roland"]
[Result "1/2-1/2"]
[WhiteElo "1817"]
[BlackElo "1932"]
[PlyCount "124"]
[EventDate "2020.04.16"]
[EventType "swiss (blitz)"]
[EventRounds "9"]
[EventCountry "GER"]
[SourceTitle "CBM 195 Extra"]
[Source "ChessBase"]
[SourceDate "2020.05.31"]
[SourceVersion "1"]
[SourceVersionDate "2020.05.31"]
[SourceQuality "1"]

1. d4 g6 2. c4 Bg7 3. Nc3 c6 4. Nf3 d5 5. e3 Nf6 6. Bd3 0-0 7. h3 b6 8. 0-0 Re8 9. Qe2 Bb7 10. Rd1 Nbd7 11. e4 dxe4 12. Nxe4 Nxe4 13. Bxe4 Nf6 14. Bc2 Qc7 15. Be3 Rad8 16. Rac1 h6 17. b3 Kh7 18. Ne5 e6 19. Nf3 Nd7 20. h4 e5 21. dxe5 Nxe5 22. Rxd8 Qxd8 23. h5 c5 24. Nxe5 Rxe5 25. hxg6+ fxg6 26. Rd1 Qh4 27. Rd6 Be4 28. Bxe4 Qxe4 29. Qd1 Rh5 30. Qd3 Qxd3 31. Rxd3 Rf5 32. Rd7 g5 33. Kf1 Kg6 34. Ke2 a5 35. Rd6+ Rf6 36. Rd5 Re6 37. Kd3 Bf6 38. Rd7 h5 39. Ke2 Kf5 40. Kf3 g4+ 41. Ke2 h4 42. Rd5+ Re5 43. Rd7 h3 44. gxh3 gxh3 45. Rh7 Re4 46. Rxh3 Rg4 47. Rf3+ Ke6 48. Kd3 Rg1 49. Ke4 Ra1 50. Rh3 Rxa2 51. Rh6 Kf7 52. Rh7+ Kg6 53. Rb7 a4 54. bxa4 Rxa4 55. Rxb6 Rxc4+ 56. Kf3 Rc2 57. Rc6 Kf5 58. Rxc5+ Rxc5 59. Bxc5 Be5 60. Be3 Bf6 61. Bd2 Be7 62. Bc3 Bd6 1/2-1/2

[Event "GER-ch Net Amateur Gr-A Vor2"]
[Site "Playchess.com INT"]
[Date "2020.04.15"]
[Round "9"]
[White "Knaak, Joachim"]
[Black "Engert, Marvin"]
[Result "1-0"]
[WhiteElo "1763"]
[BlackElo "1921"]
[PlyCount "123"]
[EventDate "2020.04.15"]
[EventType "swiss (blitz)"]
[EventRounds "9"]
[EventCountry "GER"]
[SourceTitle "CBM 196 Extra"]
[Source "ChessBase"]
[SourceDate "2020.07.31"]
[SourceVersion "1"]
[SourceVersionDate "2020.07.31"]
[SourceQuality "1"]

1. d4 Nf6 2. c4 e5 3. dxe5 Ng4 4. Bf4 Bb4+ 5. Nc3 d6 6. Nf3 0-0 7. h3 dxe5 8. Qxd8 Rxd8 9. Bd2 Bxc3 10. Bxc3 e4 11. hxg4 exf3 12. gxf3 Nc6 13. e3 f5 14. Be2 Be6 15. b3 Rd7 16. Rd1 Rad8 17. Rxd7 Rxd7 18. 0-0 a5 19. Rd1 Rxd1+ 20. Bxd1 Nb4 21. a3 Nc6 22. Be2 Kf7 23. Kg2 b6 24. Kg3 Ne7 25. Bd3 c6 26. b4 axb4 27. axb4 g6 28. Bd4 Nc8 29. Kf4 Nd6 30. c5 bxc5 31. bxc5 Nb5 32. gxf5 gxf5 33. Bxf5 Bxf5 34. Kxf5 Nc7 35. Ke4 Ke6 36. f4 Ne8 37. f5+ Kd7 38. Kf4 Ke7 39. e4 Nc7 40. Ke5 Nb5 41. Be3 Nc3 42. f4 Ne2 43. Bd4 Ng3 44. f6+ Kf7 45. f5 h5 46. Kf4 Ne2+ 47. Ke3 Ng3 48. e5 Nxf5+ 49. Ke4 Ke6 50. Bf2 h4 51. f7 Ng3+ 52. Kf3 Kxf7 53. Bxg3 hxg3 54. Kxg3 Ke6 55. Kf4 Kd5 56. Kf5 Kxc5 57. Kf6 Kb4 58. e6 c5 59. e7 c4 60. e8Q c3 61. Qe1 Kb3 62. Qc1 1-0

[Event "GER-ch Net Amateur Gr-A Vor2"]
[Site "Playchess.com INT"]
[Date "2020.04.15"]
[Round "5"]
[White "Knaak, Joachim"]
[Black "Flach, Erich"]
[Result "0-1"]
[WhiteElo "1763"]
[BlackElo "1960"]
[PlyCount "52"]
[EventDate "2020.04.15"]
[EventType "swiss (blitz)"]
[EventRounds "9"]
[EventCountry "GER"]
[SourceTitle "CBM 196 Extra"]
[Source "ChessBase"]
[SourceDate "2020.07.31"]
[SourceVersion "1"]
[SourceVersionDate "2020.07.31"]
[SourceQuality "1"]

1. d4 Nf6 2. c4 c5 3. d5 e6 4. Nc3 exd5 5. cxd5 d6 6. Nf3 g6 7. e4 Bg7 8. Be2 0-0 9. 0-0 Bg4 10. Nd2 Bxe2 11. Qxe2 Re8 12. Re1 a6 13. a4 Nbd7 14. Nc4 Nb6 15. Bf4 Nbxd5 16. Nxd5 Nxd5 17. Bxd6 b5 18. axb5 axb5 19. Rxa8 Qxa8 20. Ne3 Rxe4 21. Qxb5 Nxe3 22. fxe3 c4 23. Bc5 h5 24. h3 Qd5 25. Qb8+ Kh7 26. Qb4 c3 0-1